El sabueso de los Baskerville/ (Registro nro. 59102)

Detalles MARC
000 -LDR (LÍDER)
fixed length control field 00921nam a22002777 4500
008 - FIXED-LENGTH DATA ELEMENTS--GENERAL INFORMATION
fixed length control field 241128r |||a|||gr|||| 00| 0 spa d
020 ## - ISBN
ISBN 9788413932576
Información relacionada o.c
020 ## - ISBN
ISBN 9788413932552
Información relacionada volumen
020 ## - ISBN
ISBN 9786075562261
Información relacionada o.c
020 ## - ISBN
ISBN 9786075562278
Información relacionada volumen
040 ## - FUENTE DE CATALOGACIÓN
Agencia catalogadora original CO-BoRNBP
Idioma de la agencia catalogadora spa
Norma para la descripción rda
Agencia que transcribe CO-BoRNBP
084 ## - Clasificación facetada
Número de clasificación N DOY1
100 13 - Autor
Nombre Doyle, Arthur Conan
Fechas asociadas al nombre 1859-1830
Termino relación autor.
9 (RLIN) 64779
245 10 - Título
Título El sabueso de los Baskerville/
Mención de responsabilidad Arthur Conan Doyle, ilustrador Sidney Paged
250 ## - Edición
Edición Primera edición.
264 #1 - Pie de imprenta
Ciudad de publicación Ciudad de México, México
Editorial RBA Editores México
Año 2022
300 ## - Descripción física
Extensión 325 paginas :
Otros detalles físicos ilustraciones en blanco y negro
Dimensiones 20 cm.
336 ## - Tipo de Contenido
Tipo de contenido texto
Código de tipo de contenido txt
Fuente rdacontenido
337 ## - Tipo de Medio
Tipo de Medio sin mediación
Código de tipo de medio n
Fuente rdamedio
338 ## - Tipo de soporte
Tipo de soporte volumen
Código de tipo de soporte nc
Fuente rdasoporte
650 17 - Asiento secundario de materia - término temático
Fuente del encabezado o término LEMB
700 1# - ASIENTO SECUNDARIO - NOMBRE PERSONAL
Nombre personal Paget, Sidney
Término de relación, rol en la obra ilustrador
942 ## - Información adicional
Tipo de material Libro Literatura
700 1# - ASIENTO SECUNDARIO - NOMBRE PERSONAL
-- 64780
Existencias
Estado de pérdida Fuente del sistema de clasificación o colocación Estado de daño Koha normalized classification for sorting Not for loan Colección Biblioteca Biblioteca actual Localización Fecha de adquisición Koha issues (times borrowed) Koha renewals Signatura topográfica Código de barras Koha date last seen Koha date last borrowed Ejemplar Price effective from Tipo de ítem
  Clasificación Local Facetada   N D O Y1   Colección General Biblioteca Pública Acacias - Carlos María Hernández Rojas Biblioteca Pública Acacias - Carlos María Hernández Rojas Literatura 09/09/2025 2 1 N DOY1 ACA09461 11/18/2025 10/20/2025 Ej.1 09/09/2025 Libro Literatura









Instituto Departamental de Cultura del Meta - Red Departamental de Bibliotecas Públicas del Meta.